000 00350nam a2200145Ia 4500
008 191201s2012 xx 000 0 und d
082 _a624.17
_bVAA
100 _aVAZIRANI, V.N
245 0 _aAnalysis of Structures Vol-1
250 _aRep
260 _aN. delhi
_bKhanna Publisher
_c2012
300 _a1340
650 _aB.Tech(CE)
942 _2ddc
_cBK
999 _c5269
_d5269